| 000 | 01842 a2200217 4500 | ||
|---|---|---|---|
| 001 | 38538 | ||
| 005 | 20260407155648.0 | ||
| 008 | 260407a1973 arg spa d | ||
| 003 | AR-UNSa-BCEJYS | ||
| 040 |
_aAR-UNSa-BCEJYS _bspa _cAR-UNSa-BCEJYS |
||
| 080 |
_a658.8.012.12 _xInvestigación de mercados |
||
| 245 | 1 | 0 |
_aMercadotecnia _pintroducción y principios |
| 264 | 1 |
_aMéxico : _bInteramericana _c1973 |
|
| 300 |
_ax, 488 p. _c24 cm. |
||
| 505 | _aParte I: Antecedentes para el estudio de la mercadotecnia : 1 ¿Que es la mercdotecnia? - 2. La mercdotecnia: ¿ Un esterotipo ? - 3. Fundamentos sociales y económicos de la mercadotecnia - Parte II: La mercadotecnia y la reglamentación formal: 4. Los mensajes egañosos y la sociedad - 5. La expansión de los negocios, la mercadotecnia y la sociedad - 6. La discriminación por los precios, la mercadotecnia y la sociedad - 7. Naturaleza de los patrones de consumo - 8. Determinantes del comportamiento de los consumidores - 9. Determinantes del comportamiento de los consumidores - 10. La oportunidad de hacer negocios y la estimación del mercado - 11. Investigación de mercado - 12. La competencia en la afluencia mixta - 13. Estrategia general de la mercadotecnia - 14. Los canales de mercadotecnia Por que se crean - 15. Canales de distribución: Tipos y componentes - 16. Teorias sobre el cambio en las instituciones - 17. Logistica y distribución física - 18. Los medios de difusión la publicidad y la sociedad - 19. Eficacia en la promoción - 20. Los productos y la sociedad - 21. Teorias sobre la fijación de precios - 22. El precio: percepciones y estructura - 23. Algunos problemas especiales de la fijación de precios. | ||
| 041 | _aspa | ||
| 942 | _cBK | ||
| 590 | _aniveau_biblio:m niveau_hierar:0 | ||
| 100 | 1 | _aAgut Armer, Vicente | |
| 700 | 1 | _aGist, Ronald R. | |
| 999 |
_c2898 _d2898 |
||